000 00505nam a22001817a 4500
999 _c7448
_d7446
005 20210825114858.0
008 210218b ||||| |||| 00| 0 eng d
020 _a978-81-312-6235-5
041 _aeng
082 _a615.19
100 _aSATYANARAYAN ,D.U AND CHAKRAPANI ,DR, U
_96601
245 _aBIOCHEMISTRY : WITH BIOMEDICAL CONCEPTS, CLINICAL CORRELATES AND CASE STUDIES
250 _a5th ed
260 _aHARYANA
_bELSEVIER
_c2017
300 _a777,p
650 _aPHARMACY
_96603
942 _cBK